Φορτώνει......

മതിലുകള്‍ /

Λεπτομέρειες βιβλιογραφικής εγγραφής
Κύριος συγγραφέας: ബഷീര്‍, വൈക്കം മുഹമ്മദ്
Άλλοι συγγραφείς: Basheer, Vaikom Muhammad
Μορφή: Printed Book
Γλώσσα:English
Έκδοση: കോട്ടയം : ഡി.സി. ബുക്സ്, 2018.
Έκδοση:34th ed.
Θέματα:
LEADER 00802nam a22002057a 4500
008 140104b xxu||||| |||| 00| 0 eng d
999 |c 28299  |d 28299 
020 |a 9788171300167 
082 |a 894.13   |b BAS 
100 |a ബഷീര്‍, വൈക്കം മുഹമ്മദ് 
240 |a Mathilukal 
245 |a മതിലുകള്‍ /  |c വൈക്കം മുഹമ്മദ് ബഷീര്‍ 
250 |a 34th ed. 
260 |a കോട്ടയം :  |b ഡി.സി. ബുക്സ്,  |c 2018. 
300 |a 60p. 
650 |a Novel 
650 |a നോവല്‍ 
700 |a Basheer, Vaikom Muhammad 
942 |2 ddc  |c BK 
952 |0 0  |1 0  |2 ddc  |4 0  |6 894_130000000000000_BAS  |7 0  |9 38847  |a MAIN  |b MAIN  |d 2020-01-18  |e Gift  |g 65.00  |l 1  |o 894.13 BAS  |p 36708  |r 2020-02-14  |s 2020-02-13  |t 1  |w 2020-01-18  |y BK